000 00810nam a2200229 a 4500
003 CBULib
005 20240415130959.0
008 140416s2013 ||||||||||||||||| || u
040 _aCBULib
_bEnglish
_cCBULib
_erda
041 _aeng
050 _aUNCTAD(02)2013/6
110 _aUnited Nations Conference on Trade and Development (UNCTAD)
245 1 0 _aUNCTAD mandates on commodities : 2008 - 2016
_c/ by United Nations Conference on Trade and Development (UNCTAD)
260 _aGeneva :
_bUnited Nations,
_c2013
300 _aiv,19 pages : illustrations
336 _2rdacontent
_aText |
_btxt
337 _2rdamedia
_aUnmediated |
_bn
338 _2rdacarrier
_aVolume
_bnc
650 _aCOMMODITIES--UNCTAD MANDATES
942 _2mc
_c029
999 _c60621
_d60621